LEADER 01090nam0-2200325---450- 001 990009471850403321 005 20111103110829.0 035 $a000947185 035 $aFED01000947185 035 $a(Aleph)000947185FED01 035 $a000947185 100 $a20111103d1963----km-y0itay50------ba 101 0 $aita 102 $aIT 105 $ay-------001yy 200 1 $aTutela igienica degli alimenti$ealterazioni, sofisticazioni, denunce, sequestri, revisione analisi, penalità, oblazioni, autorità sanitarie, autorizzazioni, licenze, pesi, misure, prezzi$e500 note di giurisprudenza$fLionello Rizzatti 205 $a5. ed aggiornata al maggio 1963 210 $aMilano$cL. di G. Pirola$d1963 215 $a664 p.$d24 cm 225 1 $aCollezione legale Pirola$v1223 610 0 $aAlimenti$aIgiene 676 $a614.3$v18$zita 700 1$aRizzatti,$bLionello$015969 801 0$aIT$bUNINA$gRICA$2UNIMARC 901 $aBK 912 $a990009471850403321 952 $a52 E 31$b6852$fDMVAP 959 $aDMVAP 996 $aTutela igienica degli alimenti$9852505 997 $aUNINA LEADER 05814nam 22004935 450 001 9910747591603321 005 20251107172105.0 010 $a3-031-44699-2 024 7 $a10.1007/978-3-031-44699-3 035 $a(MiAaPQ)EBC30775419 035 $a(Au-PeEL)EBL30775419 035 $a(DE-He213)978-3-031-44699-3 035 $a(PPN)272913707 035 $a(CKB)28477908500041 035 $a(EXLCZ)9928477908500041 100 $a20231007d2023 u| 0 101 0 $aeng 135 $aurcnu|||||||| 181 $ctxt$2rdacontent 182 $cc$2rdamedia 183 $acr$2rdacarrier 200 10$aNatural Language Processing and Chinese Computing $e12th National CCF Conference, NLPCC 2023, Foshan, China, October 12?15, 2023, Proceedings, Part III /$fedited by Fei Liu, Nan Duan, Qingting Xu, Yu Hong 205 $a1st ed. 2023. 210 1$aCham :$cSpringer Nature Switzerland :$cImprint: Springer,$d2023. 215 $a1 online resource (437 pages) 225 1 $aLecture Notes in Artificial Intelligence,$x2945-9141 ;$v14304 311 08$aPrint version: Liu, Fei Natural Language Processing and Chinese Computing Cham : Springer,c2023 9783031446986 320 $aIncludes bibliographical references and index. 327 $aFantastic Gradients and Where to Find Them: Improving Multi-Attribute Text Style Transfer by Quadratic Program -- TiBERT: A Non-autoregressive Pre-trained Model for Text Editing -- Student Workshop -- A Study on the Classification of Chinese Medicine Records Using BERT, Chest Impediment as an Example -- Semantic Candidate Retrieval for Few-shot Entity Linking -- CELAT: A Chinese Few-shot Emerging Entity Linking Model based on ERNIE and Adversarial Training -- Evaluation Workshop -- A Unified Framework for Optimizing Video Corpus Retrieval and Temporal Answer Grounding: Fine-grained Modality Alignment and Local-Global Optimization -- User Preference Prediction for Online Dialogue Systems based on Pre-trained Large Model -- A Two-Stage Chinese Medical Video Retrieval Framework with LLM -- Improving Cross-Modal Visual Answer Localization in Chinese Medical Instructional Video using Language Prompts -- Improving Few-shot and Zero-shot Entity Linking with Coarse-to-Fine Lexicon-based Retriever -- Two-Stage Topic Sentence Extraction for Chinese Student Essays -- Auto-scaling Distribution Fitting Network for User Feedback Prediction -- Multimodal Dialogue Understanding via Holistic Modeling and Sequence Labeling -- Multi-angle Prediction Based on Prompt Learning for Text Classification -- Adversarial Training and Model Ensemble for User Feedback Prediciton in Conversation System -- A Numeracy-Enhanced Decoding for Solving Math Word Problem -- Improving Conversational Aspect-based Sentiment Quadruple Analysis with Overall Modeling -- Overview of the NLPCC 2023 Shared Task: Chinese Essay Discourse Coherence Evaluation -- Improving the Generalization Ability in Essay Coherence Evaluation through Monotonic Constraints -- Overview of the NLPCC 2023 Shared Task: Chinese Medical Instructional Video Question Answering -- Conversational Aspect-based Sentiment Quadruple Analysis with Consecutive Multi-view Interaction -- Overview of the NLPCC 2023 Shared Task 10: Learn to Watch TV: Multimodal Dialogue Understanding and Response Generation -- GrammarGPT: Exploring Open-Source LLMs for Native Chinese Grammatical Error Correction with Supervised Fine-Tuning -- A Model Ensemble Approach for Conversational Quadruple Extraction -- Solving Math Word Problem with Problem Type Classification -- Consistent Solutions for Optimizing Search Space of Beam Search -- Generating Better Responses from User Feedback via Reinforcement Learning and Commonsense Inference -- Towards Robust Chinese Spelling Check Systems: Multi-round Error Correction with Ensemble Enhancement -- HWCGEC:HW-TSC?s 2023 Submission for the NLPCC2023?s Chinese Grammatical Error Correction Task -- Enhancing Conversational Aspect-based Sentiment Quadruple Analysis with Context Fusion Encoding Method -- Enhanced CGSN System for Machine Reading Comprehension -- Scientific Reading Comprehension withSentences Selection and Ranking -- Task-related Pretraining with Whole Word Masking for Chinese Coherence Evaluation -- Overview of the NLPCC 2023 Shared Task: Chinese Spelling Check -- Overview of NLPCC 2023 Shared Task 6:Chinese Few-shot and Zero-shot Entity Linking -- Overview of the NLPCC 2023 Shared Task 9: User Feedback Prediction and Response Generation -- Overview of NLPCC Shared Task 2: Multi-perspective Scientific Machine Reading Comprehension. 330 $aThis three-volume set constitutes the refereed proceedings of the 12th National CCF Conference on Natural Language Processing and Chinese Computing, NLPCC 2023, held in Foshan, China, during October 12?15, 2023. The ____ regular papers included in these proceedings were carefully reviewed and selected from 478 submissions. They were organized in topical sections as follows: dialogue systems; fundamentals of NLP; information extraction and knowledge graph; machine learning for NLP; machine translation and multilinguality; multimodality and explainability; NLP applications and text mining; question answering; large language models; summarization and generation; student workshop; and evaluation workshop. 410 0$aLecture Notes in Artificial Intelligence,$x2945-9141 ;$v14304 606 $aArtificial intelligence 606 $aArtificial Intelligence 615 0$aArtificial intelligence. 615 14$aArtificial Intelligence. 676 $a730 702 $aLiu$b Fei 801 0$bMiAaPQ 801 1$bMiAaPQ 801 2$bMiAaPQ 906 $aBOOK 912 $a9910747591603321 996 $aNatural Language Processing and Chinese Computing$91912515 997 $aUNINA